Normal view
MARC view
- Asima jillani; Jagvir dixit, Junaid .N.Khan
Entry Personal Name
001 - CONTROL NUMBER
- control field: 5442
003 - CONTROL NUMBER IDENTIFIER
- control field: OSt
005 - DATE AND TIME OF LATEST TRANSACTION
- control field: 20230509103729.0
008 - FIXED-LENGTH DATA ELEMENTS
- fixed length control field: 230509|| aca||aabn | a|a d
040 ## - CATALOGING SOURCE
- Original cataloging agency: OSt
- Transcribing agency: OSt
100 ## - HEADING--PERSONAL NAME
- Personal name: Asima jillani; Jagvir dixit, Junaid .N.Khan
670 ## - SOURCE DATA FOUND
- Source citation: Work cat.: (OSt)17678: Muzamil, M 4674, Competitive approach in agricultural engineering, 2021
